000 00206nam a22000857a 4500
008 170127b xxu||||| |||| 00| 0 eng d
100 _92596
_aSharna.S.
245 _aChemistry-XI
260 _aIndia
_b Mcmillan
_c2011
999 _c5733
_d5733